Hyperinvariant subspaces for some operator-weighted bilateral shifts

Elmentve itt :
Bibliográfiai részletek
Szerzők: Hamid Sami M.
Pearcy Carl
Dokumentumtípus: Cikk
Megjelent: 2006
Sorozat:Acta scientiarum mathematicarum 72 No. 3-4
Kulcsszavak:Matematika
Online Access:http://acta.bibl.u-szeged.hu/16161
LEADER 00671nab a2200193 i 4500
001 acta16161
005 20210326115443.0
008 161015s2006 hu o 0|| eng d
022 |a 0001-6969 
040 |a SZTE Egyetemi Kiadványok Repozitórium  |b hun 
041 |a eng 
100 1 |a Hamid Sami M. 
245 1 0 |a Hyperinvariant subspaces for some operator-weighted bilateral shifts  |h [elektronikus dokumentum] /  |c  Hamid Sami M. 
260 |c 2006 
300 |a 663-676 
490 0 |a Acta scientiarum mathematicarum  |v 72 No. 3-4 
695 |a Matematika 
700 0 1 |a Pearcy Carl  |e aut 
856 4 0 |u http://acta.bibl.u-szeged.hu/16161/1/math_072_numb_003_004_663-676.pdf  |z Dokumentum-elérés